000 00883nam a2200325Ia 4500
001 A0622
003 IT-RoPAU
008 130308s9999 xx 000 0 und d
040 _aIT-RoPAU
040 _cIT-RoPAU
041 _aITALIANO
100 _aGrant Jacques
100 _gCodice Aut. SPICS: 5876
245 _aUn atto contro ogni potere
245 _bCinema di Marguerite Duras (Il)
250 _a1a ed.
260 _aVENEZIA
260 _bLa Biennale/Eri
260 _c1981 [1° Ed.:1981 - Ed.Ling.Originale:1979]
300 _a"7 p. (prefazione: no ; testo: 7 [pagine: 61-67])"
500 _aIntervista a Marguerite Duras Sul suo Cinema.
650 _aAUTORI/OPERE DEL CINEMA
650 _eCodice materia Spics: 6807
700 _aFrenais Jacques
700 _gCodice Aut. SPICS: 34627
942 _cBK
957 _71
999 _c53272
_d53272
999 _bSI
999 _g1